| 000 | 00993nam a2200265 a 4500 | ||
|---|---|---|---|
| 001 | 000011233 | ||
| 005 | 20260304092050.0 | ||
| 008 | 091015s2000 dr a 001 p spa d | ||
| 020 | _a9993443034 | ||
| 040 |
_aDO-SdBNP _bspa _cBNPHU |
||
| 082 |
_aRD861.44 _bT266u |
||
| 100 | 1 |
_aTejada, Yki, _d1961- _926796 |
|
| 245 | 1 | 0 |
_aUn latido en el bosque / _cYki Tejada; presentación Milagros Ortiz Bosch. |
| 260 |
_aSanto Domingo, : _bSecretaría de Estado de Educación y Cultura, _c2000. |
||
| 300 |
_a107 p. : _bil ; _c22 cm. |
||
| 490 | 1 | _aPremios Nacionales | |
| 500 | _aIncluye datos biográficos del autor en la solapa de la cubierta | ||
| 586 | _aPremio Nacional de Poesía 1998-1999, Salomé Ureña de Henríquez | ||
| 590 | _aInventariado, 2019/LP | ||
| 650 | 0 |
_aPoesía dominicana _966 |
|
| 650 | 0 |
_aLiteratura dominicana. _967 |
|
| 700 | 1 |
_aOrtiz Bosch, Milagros, 1936- _epresentació _926797 |
|
| 830 | 0 |
_aPremios Nacionales _9718 |
|
| 910 | _aValidado. Control de calidad MMOLINA | ||
| 999 |
_c10952 _d10952 |
||